Memórias : (Record no. 1434)

MARC details
000 -LÍDER
Campo Fixo de Controle 01154nam a2200265 a 4500
001 - NÚMERO DE CONTROLE
Campo de Controle 1434
003 - IDENTIFICAÇÃO DO NÚMERO DE CONTROLE
Campo de Controle BR-CuiBMT
005 - DATA E HORA DA ÚLTIMA ATUALIZAÇÃO
Campo de Controle 20231216193717.0
008 - DADOS FIXOS
Dados Fixos 231209s2014 scba 000 0 por d
040 ## - AGÊNCIA CATALOGADORA
Código da Agência Catalogadora BR-CuiBMT
Agência que transcreveu o registro BR-CuiBMT
080 ## - Nº DA CLASSIFICAÇÃO DECIMAL UNIVERSAL
Nº Class. CDU 351.94:336.148
Subd. Auxiliar Comum (816.4)
Nº edição CDU 2007
090 ## - NÚMERO DE CHAMADA
Nº classificação 351.94:336.148(816.4)
Cutter S231m
110 1# - ENTRADA PRINCIPAL -- ENTIDADE
Nome da entidade ou lugar Santa Catarina.
Unidade subordinada Tribunal de Contas.
245 10 - TÍTULO PRINCIPAL
Título principal Memórias :
Subtítulo Tribunal de Contas de Santa Catarina /
Indicação de responsabilidade Tribunal de Contas de Santa Catarina.
246 14 - FORMAS VARIANTES DO TÍTULO
Título principal Memórias :
Subtítulo Tribunal de Contas de Santa Catarina : Simpósio Internacional : crise de representatividade : desafios e oportunidades para o controle externo.
260 ## - PUBLICAÇÃO, DISTRIBUIÇÃO, ETC.
Local de publicação Florianópolis :
Editora TCE-SC,
-- ACOM,
Data 2014.
300 ## - DESCRIÇÃO FÍSICA
N. páginas ou volumes 370 p. :
Ilustrações il color. ;
Dimensões 19 cm
490 1# - INDICAÇÃO DE SÉRIE
Título da série Memórias Tribunal de Contas de Santa Catarina ;
Volume/designação sequencial da série v. 3
610 1# - ASSUNTO -- ENTIDADE
Nome da Entidade ou lugar Santa Catarina.
Unidade subordinada Tribunal de Contas
Subdivisão geral Memória institucional
650 ## - ASSUNTO TÓPICO
Cabeçalho tópico ou nome geográfico Administração pública
Subdivisão geográfica Santa Catarina
650 ## - ASSUNTO TÓPICO
Cabeçalho tópico ou nome geográfico Controle externo
Subdivisão geral Memória institucional
650 ## - ASSUNTO TÓPICO
Cabeçalho tópico ou nome geográfico Tribunal de contas
Subdivisão geral Congressos
Subdivisão geográfica Santa Catarina
830 #0 - ENTRADA SECUNDÁRIA DE SÉRIE -- TÍTULO UNIFORME
Título uniforme Memórias Tribunal de Contas de Santa Catarina ;
Nº do volume/designação sequencial da série 3
942 ## - ELEMENTOS DE ENTRADA ADICIONAIS (KOHA)
Fonte de classificação ou esquema de arquivamento Classificação Decimal Universal
Tipo de item do Koha Livros
Holdings
Estado: removido Estado: perdido Fonte de classificação ou esquema de arquivamento Estado: danificado Indisponível para empréstimo Localização permanente Localização atual Data de aquisição Total Checkouts Número de Chamada completo Código de barras Date last seen Número do exemplar Preço efetivo a partir de Tipo de item (Koha)
    Classificação Decimal Universal     Biblioteca da Escola Superior de Contas do TCE/MT Biblioteca da Escola Superior de Contas do TCE/MT 09/12/2023   351.94:336.148(816.4) S231m BIBTCEMT23120324 09/12/2023 Ex. 1 09/12/2023 Livros
    Classificação Decimal Universal     Biblioteca da Escola Superior de Contas do TCE/MT Biblioteca da Escola Superior de Contas do TCE/MT 09/12/2023   351.94:336.148(816.4) S231m BIBTCEMT23120695 16/12/2023 Ex. 2 09/12/2023 Livros
    Classificação Decimal Universal     Biblioteca da Escola Superior de Contas do TCE/MT Biblioteca da Escola Superior de Contas do TCE/MT 09/12/2023   351.94:336.148(816.4) S231m BIBTCEMT23120710 16/12/2023 Ex. 3 09/12/2023 Livros

Powered by Koha